Bursztynowa dziewczyna

Titel: Bursztynowa dziewczyna : Anna Jantar we wspomnieniach / zebrała i i opracowała Mariola Pryzwan
Verfasser:
Ausgabe: Wyd. 1 w tej ed.
Veröffentlicht: Warszawa : Wydawn. Marginesy, 2014
Umfang: 387 S. : Ill. ; 25 cm
Format: Buch
Sprache: Polnisch
ISBN: 8363656453 ; 9788363656454
Buchumschlag
X
alg: 36309514
001A    $03004:13-08-15 
001B    $01999:24-06-16 $t15:48:47.000 
001C    $03004:22-12-15 $t07:34:09.000 
001D    $03004:22-12-15 
001U    $0utf8 
001X    $00 
002@    $0Aau 
003@    $0363095144 
004A    $083-63656-45-3 
004A    $A978-83-63656-45-4 
007A    $0363095144 $aHEB 
007G    $0DE020EE0D1D13D24EEDAAC1257F380036060A 
009P    $qapplication/pdf $A2 $3Inhaltsverzeichnis $uhttp://scans.hebis.de/HEBCGI/show.pl?36309514_toc.pdf $mV:DE-603;B:DE-Mb50 
010@    $apol 
011@    $a2014 
021A    $a@Bursztynowa dziewczyna $dAnna Jantar we wspomnieniach $hzebrała i i opracowała Mariola Pryzwan 
027A    $a@Anna Jantar we wspomnieniach 
028A    $7138039321 $8Pryzwan, Mariola$Z1963- [Tp3] $9211813389 
032@    $aWyd. 1 w tej ed. 
033A    $pWarszawa $nWydawn. Marginesy 
034D    $a387 S. 
034I    $a25 cm 
034M    $aIll. 
044A    $aSingers $S0 $vBiography $zPoland 
044A    $aSingers $2fast $S7 

lok: 36309514 24

exp: 36309514 24 1 #EPN
201B/01 $022-12-15 $t07:35:13.000 
201C/01 $013-08-15 
201U/01 $0utf8 
203@/01 $0758446489 
208@/01 $a22-12-15 $bz 
209A/01 $a15.09809 $du $f050 $h15 09809 $x00 
209C/01 $a15.09809 K $h15 09809 K 
209G/01 $a73700795 $x00 
220C/01 $awal 
244Z/01 $711942617X $8--Tp1--Jantar, Anna$Z1950-1980 $x01 $908776590X 
247C/01 $8358050-7 Marburg, Bibliothek des Herder-Instituts Marburg $9102600961
LEADER 00000cam a2200000 c 4500
001 363095144
003 DE-603
005 20160624154847.0
007 tu
008 150813s2014 xx |||| | u00||u|pol c
020 |a 8363656453 
020 |a 9788363656454 
035 |a (DE-599)HEB363095144 
040 |a DE-603  |b ger  |c DE-603  |d DE-603 
041 |a pol 
100 1 |a Pryzwan, Mariola  |d 1963-  |0 (DE-603)211813389  |0 (DE-588)138039321  |2 gnd 
245 0 0 |a Bursztynowa dziewczyna  |b Anna Jantar we wspomnieniach  |c zebrała i i opracowała Mariola Pryzwan 
246 1 3 |a Anna Jantar we wspomnieniach 
250 |a Wyd. 1 w tej ed. 
264 1 |a Warszawa  |b Wydawn. Marginesy  |c 2014 
300 |a 387 S.  |b Ill.  |c 25 cm 
856 4 2 |m V:DE-603;B:DE-Mb50  |q application/pdf  |u http://scans.hebis.de/HEBCGI/show.pl?36309514_toc.pdf  |3 Inhaltsverzeichnis 
924 0 |9 Mb 50  |a (DE-603)758446489  |b DE-Mb50  |c HES  |d c  |g 15.09809